| 000 | 01463nam a22003015a 4500 | ||
|---|---|---|---|
| 999 |
_c27320 _d27291 |
||
| 003 | EG-ScBUE | ||
| 005 | 20190330085151.0 | ||
| 008 | 190330s2019 ua frl 000 0 ara d | ||
| 017 | _a10969 | ||
| 020 | _a9789775043566 | ||
| 040 |
_aEG-ScBUE _bara _cEG-ScBUE _dEG-ScBUE |
||
| 043 | _af-ua--- | ||
| 082 | 0 | 4 |
_a347.62072 _bق ا ن _222 |
| 245 | 0 | 0 |
_aقانون المرافعات و الإثبات و التحكيم : _bفي المواد المدنية و التجارية وفقا لآخر التعديلات : معلقا عليهم بأحكام محكمة النقض / _cإعداد و مراجعة أسامة أنور. |
| 246 | 3 | 4 | _aقوانين و تشريعات المرافعات و الإثبات و التحكيم في المواد المدنية و التجارية : معلق عليهم بأحكام النقض |
| 260 |
_aالقاهرة : _bدارالعربي للنشر والتوزيع، _c2019. |
||
| 300 |
_a328 ص. ؛ _c20 سم. |
||
| 490 | 0 |
_aسلسلة التشريعات والقوانين المصرية ؛ _v12 |
|
| 650 | 7 |
_aقانون المرافعات _zمصر. _2BUEsh |
|
| 650 | 7 |
_aالإثبات (قانون) _zمصر. _2BUEsh |
|
| 650 | 7 |
_aالتحكيم _zمصر. _2BUEsh |
|
| 650 | 7 |
_aقانون الإجراءات المدنية والتجارية _zمصر. _2BUEsh |
|
| 651 | _2BUEsh | ||
| 653 |
_bLLAAWW _cMarch2019 |
||
| 655 | _vText book | ||
| 700 | 1 |
_aعربي، أسامة أنور، _eمعد، _eمراجع. |
|
| 942 | _2ddc | ||